| 000 | 00669nam a2200229Ii 4500 | ||
|---|---|---|---|
| 003 | JO-AjNU | ||
| 008 | 230605s9999||||xx |||||||||||||| ||und|| | ||
| 017 | _a1993/7366 | ||
| 020 | _a977-274-024-9 | ||
| 040 |
_aJO-AjNU _bara _erda _cJO-AjNU |
||
| 041 | _aara | ||
| 050 | 1 | 4 | _aPK6451 1993 |
| 100 | 3 |
_aحلمي،منى, _eauthor _916534 |
|
| 245 | 0 | 0 | _aالبحر بيننا: مجموعة قصص |
| 250 | _aط1 | ||
| 264 | 3 | 1 | _aالكويت: دار سعاد الصباح، 1993 |
| 300 | _a141ص | ||
| 336 |
_atext _btxt _2rdacontent |
||
| 337 |
_aunmediated _bn _2rdamedia |
||
| 338 |
_avolume _bnc _2rdacarrier |
||
| 650 | 4 |
_aالأدب العربي - قصص _916535 |
|
| 999 |
_aA4923 _c8491 _d8491 |
||